हिन्दी साहित्य का मध्यकाल (Record no. 7395)

MARC details
000 -LEADER
fixed length control field 01114 a2200217 4500
005 - DATE AND TIME OF LATEST TRANSACTION
control field 2008091608388.0
008 - FIXED-LENGTH DATA ELEMENTS--GENERAL INFORMATION
fixed length control field 080916t xxu||||| |||| 00| 0 hin d
010 ## - LCCN (DPL NO)
LC control number HIN-80949
020 ## - INTERNATIONAL STANDARD BOOK NUMBER
International Standard Book Number 8190292471
Terms of availability 675.00
035 ## - SYSTEM CONTROL NUMBER
System control number HN-53295
037 ## - SOURCE OF ACQUISITION
Source of stock number/acquisition D.B.Act / pub
082 ## - DEWEY DECIMAL CLASSIFICATION NUMBER
Classification number 820.9
100 ## - MAIN ENTRY--PERSONAL NAME
Personal name शील, ईश्वरदत्त
245 ## - TITLE STATEMENT
Title हिन्दी साहित्य का मध्यकाल
Statement of responsibility, etc ईश्वरदत्त शील
246 ## - VARYING FORM OF TITLE
Title proper/short title Hindi Sahitya ka Madhyakaal
Remainder of title by Ishwer Datt Sheel
260 ## - PUBLICATION, DISTRIBUTION, ETC. (IMPRINT)
Place of publication, distribution, etc कानपुर
Name of publisher, distributor, etc गरिमा प्रकाशन
Date of publication, distribution, etc 2007
270 ## - ADDRESS
Address 132 शिवराम कृपा,मयूर पार्क, बसन्त विहार
City कानपुर
Postal code 208021
Telephone number (0512)2634444, 2071058, 09415125867
300 ## - PHYSICAL DESCRIPTION
Extent 432पृ
Dimensions 22 सेमी (सजिल्द)
942 ## - ADDED ENTRY ELEMENTS (KOHA)
Institution code [OBSOLETE] dpl
Item type Hindi Books
Call number prefix 820.9 / शीलई
Source of classification or shelving scheme Dewey Decimal Classification
Classification part 820.9
Call number suffix शीलई
Holdings
Withdrawn status Lost status Source of classification or shelving scheme Damaged status Not for loan Home library Current library Date acquired Cost, normal purchase price Total Checkouts Full call number Barcode Date last seen Copy number Cost, replacement price Koha item type
    Dewey Decimal Classification     D.B.Act.Division D.B.Act.Division 16/09/2008 675.00   820.9 शीलई HN-53295 15/09/2008 1 675.00 Hindi Books

© Delhi Public Library
Hit Counter
free hit counter